[Event "ISR-chT"]
[Site "Israel"]
[Date "2025.02.07"]
[Round "5.3"]
[White "Steinberg, Nitzan"]
[Black "Gorodetzky, David"]
[Result "1/2-1/2"]
[WhiteElo "2563"]
[BlackElo "2484"]
[PlyCount "39"]
[EventDate "2025.01.08"]
[EventType "team-tourn"]
[EventRounds "11"]
[EventCountry "ISR"]
[SourceTitle "CB08_2025"]
[SourceDate "2025.02.19"]
[SourceVersion "1"]
[SourceVersionDate "2025.02.19"]
[SourceQuality "1"]
[WhiteTeam "Rishon Le Zion Feldklein"]
[BlackTeam "Ramat Gan Etude II"]
[WhiteTeamCountry "ISR"]
[BlackTeamCountry "ISR"]

1. e4 e5 2. Nf3 Nc6 3. Bb5 a6 4. Ba4 Nf6 5. 0-0 d6 6. c4 Bg4 7. d3 Nd7 8. Be3 g6 9. Nbd2 Bg7 10. h3 Bxf3 11. Nxf3 0-0 12. Re1 Nd4 13. Bxd4 exd4 14. Bxd7 Qxd7 15. b4 b5 16. Qc2 a5 17. a3 Rfb8 18. Rec1 h6 19. Nd2 c6 20. Qb3 1/2-1/2

[Event "Ramat Gan Dov Porat Rapid op"]
[Site "Ramat Gan"]
[Date "2024.10.15"]
[Round "8"]
[White "Gorodetzky, David"]
[Black "Gruenfeld, Yehuda"]
[Result "1-0"]
[WhiteElo "2497"]
[BlackElo "2395"]
[PlyCount "80"]
[EventDate "2024.10.14"]
[EventType "swiss (rapid)"]
[EventRounds "9"]
[EventCountry "ISR"]
[SourceTitle "CB43_2024"]
[Source "Chessbase"]
[SourceDate "2024.10.23"]
[SourceVersion "1"]
[SourceVersionDate "2024.10.23"]
[SourceQuality "1"]

1. c4 Nf6 2. g3 e6 3. Bg2 d5 4. Nf3 Be7 5. 0-0 0-0 6. b3 c5 7. cxd5 Nxd5 8. Bb2 Bf6 9. d4 cxd4 10. Nxd4 Nc6 11. Na3 Bd7 12. Nc4 Nxd4 13. Bxd4 Bc6 14. Ne5 Bxe5 15. Bxe5 Ne7 16. e4 Qxd1 17. Rfxd1 Rfd8 18. Bd6 Rd7 19. Bc5 Rc7 20. f3 h6 21. Rac1 Ng6 22. Kf2 Be8 23. Bd6 Rxc1 24. Rxc1 Bc6 25. Ke3 Nf8 26. Bf1 Nd7 27. h4 Nf6 28. a4 Ne8 29. Bc5 a6 30. Bd4 f6 31. Bb6 Kf7 32. Rd1 Ke7 33. Bc4 Rc8 34. Rd4 g5 35. Ba5 b5 36. Be2 Kf7 37. Be1 e5 38. Rd1 Nc7 39. Rc1 Bd7 40. Ba5 Ne6 1-0

[Event "Jerusalem op"]
[Site "Jerusalem"]
[Date "2024.09.24"]
[Round "4"]
[White "Gorodetzky, David"]
[Black "Vagman, Roy"]
[Result "1-0"]
[WhiteElo "2497"]
[BlackElo "2310"]
[PlyCount "83"]
[EventDate "2024.09.24"]
[EventType "swiss (rapid)"]
[EventRounds "9"]
[EventCountry "ISR"]
[SourceTitle "EXT 2025"]
[Source "ChessBase"]
[SourceDate "2024.10.14"]
[SourceVersion "1"]
[SourceVersionDate "2024.10.14"]
[SourceQuality "1"]

1. d4 Nf6 2. Nf3 e6 3. e3 d5 4. Nbd2 c5 5. c3 Nc6 6. Bd3 Be7 7. 0-0 0-0 8. dxc5 Bxc5 9. e4 Bb6 10. Qe2 h6 11. b4 a6 12. a3 Re8 13. c4 dxe4 14. Nxe4 Nd4 15. Nxd4 Bxd4 16. Ra2 Nxe4 17. Bxe4 e5 18. Be3 Bxe3 19. Qxe3 Qc7 20. c5 Be6 21. Rd2 Rad8 22. Rfd1 Rxd2 23. Qxd2 f5 24. Bd5 Kh7 25. Bxe6 Rxe6 26. Qd7 Re7 27. Qxf5+ g6 28. Qd3 Kg7 29. Qd6 Kf7 30. Qxc7 Rxc7 31. Rd6 a5 32. Kf1 axb4 33. axb4 b5 34. Rb6 Rd7 35. Ke2 Rd4 36. Rxb5 Ke6 37. Rb6+ Kf5 38. c6 Rc4 39. b5 Ke4 40. Rb8 Rc2+ 41. Kd1 Rc5 42. Rd8 1-0

[Event "Titled Tuesday intern op 17th Sep Early"]
[Site "Chess,com INT"]
[Date "2024.09.17"]
[Round "9"]
[White "Paravyan, David"]
[Black "Gorodetzky, David"]
[Result "1-0"]
[WhiteElo "2620"]
[BlackElo "2497"]
[PlyCount "77"]
[EventDate "2024.09.17"]
[EventType "swiss (blitz)"]
[EventRounds "11"]
[EventCountry "USA"]
[SourceTitle "EXT 2025"]
[Source "ChessBase"]
[SourceDate "2024.10.14"]
[SourceVersion "1"]
[SourceVersionDate "2024.10.14"]
[SourceQuality "1"]

1. d4 Nf6 2. c4 e6 3. Nf3 d5 4. h3 a6 5. e3 c5 6. cxd5 Nxd5 7. e4 Nf6 8. Nc3 Nc6 9. Be3 cxd4 10. Nxd4 Bd7 11. g4 e5 12. Nf5 Bxf5 13. exf5 Bb4 14. Bg2 Qxd1+ 15. Rxd1 Bxc3+ 16. bxc3 Rc8 17. 0-0 Nd7 18. Rd6 Rc7 19. Rfd1 Ke7 20. g5 Rg8 21. Kh2 Ncb8 22. h4 Rxc3 23. Bxb7 Rc2 24. Bxa6 Nxa6 25. Rxa6 Rgc8 26. a4 R8c7 27. a5 Ra2 28. Ra8 e4 29. Kg3 Ne5 30. a6 Nc4 31. Rd4 Nxe3 32. Rxe4+ Kd6 33. Rxe3 Ra5 34. Kg4 Ra4+ 35. f4 Ra1 36. Rd3+ Ke7 37. Re3+ Kd6 38. Rd8+ Rd7 39. Rd3+ 1-0

[Event "Titled Tuesday intern op 10th Sep Early"]
[Site "Chess,com INT"]
[Date "2024.09.10"]
[Round "7"]
[White "Gorodetzky, David"]
[Black "Nihal, Sarin"]
[Result "0-1"]
[WhiteElo "2497"]
[BlackElo "2668"]
[PlyCount "90"]
[EventDate "2024.09.10"]
[EventType "swiss (blitz)"]
[EventRounds "11"]
[EventCountry "USA"]
[SourceTitle "EXT 2025"]
[Source "ChessBase"]
[SourceDate "2024.10.14"]
[SourceVersion "1"]
[SourceVersionDate "2024.10.14"]
[SourceQuality "1"]

1. e4 e5 2. Nf3 Nc6 3. Bc4 Bc5 4. d3 Nf6 5. Nc3 h6 6. h3 a5 7. a3 d6 8. Be3 Bd7 9. Nd5 0-0 10. Bxc5 dxc5 11. Ne3 Re8 12. c3 a4 13. Ba2 Be6 14. 0-0 Bxa2 15. Rxa2 Qd7 16. Qc2 Na5 17. Raa1 Rad8 18. Rad1 Nb3 19. Nc4 Nh5 20. Ncxe5 Qe6 21. d4 f6 22. Nd3 Qxe4 23. Rfe1 Qg6 24. dxc5 Nf4 25. Rxe8+ Rxe8 26. Nde1 Nxh3+ 27. Kf1 Nf4 28. Qxg6 Nxg6 29. Rd7 Re7 30. Rd8+ Kf7 31. Nd3 Ne5 32. Nfxe5+ fxe5 33. f3 Ke6 34. Rb8 c6 35. Rd8 Rd7 36. Rxd7 Kxd7 37. Nxe5+ Ke6 38. Nd3 Kd5 39. Nf4+ Kc4 40. Ne6 Nxc5 41. Nxg7 Kb3 42. Nf5 Kxb2 43. Nxh6 Kxa3 44. Nf5 Kb2 45. Ne3 b5 0-1

[Event "Titled Tuesday intern op 03rd Sep Late"]
[Site "Chess.com INT"]
[Date "2024.09.03"]
[Round "3"]
[White "Gorodetzky, David"]
[Black "Avramidou, Anastasia"]
[Result "1-0"]
[WhiteElo "2497"]
[BlackElo "2290"]
[PlyCount "81"]
[EventDate "2024.09.03"]
[EventType "swiss (blitz)"]
[EventRounds "11"]
[EventCountry "USA"]
[SourceTitle "EXT 2025"]
[Source "ChessBase"]
[SourceDate "2024.10.14"]
[SourceVersion "1"]
[SourceVersionDate "2024.10.14"]
[SourceQuality "1"]

1. c4 Nf6 2. g3 g6 3. Bg2 Bg7 4. Nc3 0-0 5. d4 d6 6. h3 Nc6 7. Nf3 e5 8. dxe5 Nxe5 9. Nxe5 dxe5 10. Be3 c6 11. 0-0 Be6 12. b3 Qc8 13. Kh2 Rd8 14. Qc1 Nd7 15. Ne4 Nf8 16. Bg5 Re8 17. Nf6+ Bxf6 18. Bxf6 Nd7 19. Bg5 f6 20. Bh6 Bf7 21. f4 e4 22. f5 Qd8 23. fxg6 hxg6 24. Qf4 Qe7 25. Rad1 Rad8 26. h4 f5 27. Qc7 Be6 28. Bg5 Qf8 29. Bxd8 Rxd8 30. Bxe4 Qe8 31. Bf3 Rc8 32. Qxb7 Ne5 33. Qxa7 Bf7 34. Qd4 c5 35. Qc3 Nxf3+ 36. exf3 Qe2+ 37. Kg1 Ra8 38. Rd2 Qe6 39. Rfd1 Kh7 40. Rd8 Rxa2 41. Qh8# 1-0

[Event "Titled Tuesday intern op 03rd Sep Late"]
[Site "Chess.com INT"]
[Date "2024.09.03"]
[Round "2"]
[White "Kiewra, Keaton F"]
[Black "Gorodetzky, David"]
[Result "1/2-1/2"]
[WhiteElo "2293"]
[BlackElo "2497"]
[PlyCount "151"]
[EventDate "2024.09.03"]
[EventType "swiss (blitz)"]
[EventRounds "11"]
[EventCountry "USA"]
[SourceTitle "EXT 2025"]
[Source "ChessBase"]
[SourceDate "2024.10.14"]
[SourceVersion "1"]
[SourceVersionDate "2024.10.14"]
[SourceQuality "1"]

1. Nf3 Nf6 2. c4 e6 3. Nc3 d5 4. e3 a6 5. b3 c5 6. cxd5 exd5 7. d4 Nc6 8. Be2 cxd4 9. Nxd4 Bb4 10. Bb2 Ne4 11. Rc1 Qa5 12. Nxc6 bxc6 13. Qd4 Be7 14. Qa4 Qxa4 15. Nxa4 Bb4+ 16. Nc3 Ke7 17. 0-0 Nxc3 18. Bxc3 Bxc3 19. Rxc3 Kd6 20. Rfc1 Bd7 21. Rd1 f5 22. f3 Rhe8 23. Kf2 a5 24. a3 Rab8 25. h4 g6 26. Rd2 Rb6 27. Bd1 c5 28. f4 Be6 29. Bf3 Reb8 30. Bxd5 Bxd5 31. Rcd3 Rxb3 32. Rxd5+ Kc6 33. Rd7 a4 34. R2d6+ Kb5 35. Rxh7 Rxa3 36. Rxg6 Re8 37. Rg3 Ra2+ 38. Kf3 Ra3 39. Kf2 c4 40. Rc7 c3 41. h5 Kb6 42. Rc4 Ra2+ 43. Kf3 c2 44. Rh3 Ra3 45. Kf2 Ra2 46. Kf3 Kb5 47. Rc7 Re7 48. Rc8 Re6 49. Rh1 Kb4 50. h6 Ra3 51. Rxc2 Rexe3+ 52. Kf2 Re8 53. h7 Rh8 54. Re2 Rc3 55. Re7 a3 56. Rb7+ Kc4 57. Rh6 Kd3 58. Rh3+ Kc2 59. Rxc3+ Kxc3 60. Ra7 Kb2 61. g4 fxg4 62. Kg3 a2 63. Rb7+ Kc3 64. Ra7 Kb2 65. Rb7+ Ka3 66. Kxg4 a1Q 67. Ra7+ Kb2 68. Rxa1 Kxa1 69. f5 Kb2 70. Kg5 Rxh7 71. Kg6 Rh1 72. f6 Kc3 73. f7 Rf1 74. Kg7 Kd4 75. f8Q Rxf8 76. Kxf8 1/2-1/2

[Event "Abu Dhabi Masters Online"]
[Site "Chess.com INT"]
[Date "2024.08.21"]
[Round "1"]
[White "Zirkelbach, Maj"]
[Black "Gorodetzky, David"]
[Result "0-1"]
[WhiteElo "2261"]
[BlackElo "2497"]
[PlyCount "134"]
[EventDate "2024.08.21"]
[EventType "swiss (blitz)"]
[EventRounds "11"]
[EventCountry "UAE"]
[SourceTitle "CBM 221 Extra"]
[Source "ChessBase"]
[SourceDate "2024.09.30"]
[SourceVersion "1"]
[SourceVersionDate "2024.09.30"]
[SourceQuality "1"]

1. d4 Nf6 2. c4 e6 3. Nf3 d5 4. Nc3 Nbd7 5. e3 a6 6. a4 Bb4 7. Bd2 0-0 8. Qc2 c5 9. dxc5 Nxc5 10. Be2 Bd7 11. 0-0 Rc8 12. b3 dxc4 13. bxc4 Qe7 14. Rfd1 Rc7 15. Rdb1 a5 16. Nb5 Bxb5 17. Bxb4 axb4 18. axb5 Nce4 19. Bf1 Rfc8 20. Qb3 Ng4 21. Rb2 Qf6 22. Rc1 Rc5 23. h3 Ngxf2 24. Rxf2 Nxf2 25. Kxf2 Rxb5 26. cxb5 Rxc1 27. Qxb4 g6 28. Qd4 Kg7 29. Bd3 Rd1 30. Ke2 Ra1 31. Qxf6+ Kxf6 32. Nd4 e5 33. Nb3 Ra2+ 34. Nd2 Ke7 35. g4 Kd6 36. Be4 b6 37. Bc6 f5 38. Kd3 e4+ 39. Kc3 Ra1 40. Nc4+ Kc5 41. Ne5 Ra3+ 42. Kd2 fxg4 43. hxg4 Ra2+ 44. Ke1 Ra3 45. Kf2 Ra4 46. Kg3 Kd6 47. Kf4 Ke6 48. g5 Ra1 49. Bxe4 Rf1+ 50. Nf3 Kd6 51. Bc6 Rf2 52. e4 Re2 53. e5+ Kc5 54. Bd7 Kd5 55. e6 Kd6 56. Nd4 Rd2 57. Nc6 Rd5 58. Bc8 Rf5+ 59. Ke4 Rf8 60. Bd7 Rf5 61. Ne5 Rxe5+ 62. Kd4 Re1 63. Kd3 Ke7 64. Kd4 Rg1 65. Kd5 Rc1 66. Kd4 Rc5 67. Bc6 Kxe6 0-1

[Event "Titled Tuesday intern op 30th Jul Late"]
[Site "Chess.com INT"]
[Date "2024.07.30"]
[Round "2"]
[White "Deng, Henry"]
[Black "Gorodetzky, David"]
[Result "0-1"]
[WhiteElo "2336"]
[BlackElo "2494"]
[PlyCount "108"]
[EventDate "2024.07.30"]
[EventType "swiss (blitz)"]
[EventRounds "11"]
[EventCountry "USA"]
[SourceTitle "EXT 2025"]
[Source "ChessBase"]
[SourceDate "2024.10.14"]
[SourceVersion "1"]
[SourceVersionDate "2024.10.14"]
[SourceQuality "1"]

1. e4 c6 2. d4 d5 3. Nd2 dxe4 4. Nxe4 Nf6 5. Nxf6+ exf6 6. c3 Bd6 7. Bd3 0-0 8. Qc2 Re8+ 9. Ne2 h5 10. 0-0 h4 11. h3 Nd7 12. Bd2 Nf8 13. Rae1 Bc7 14. f4 Ne6 15. f5 Ng5 16. Bf4 Bd7 17. Qd2 Ne4 18. Qc2 Bxf4 19. Rxf4 Ng5 20. Rxh4 c5 21. dxc5 Qc7 22. Qd2 Nf3+ 23. gxf3 Rxe2 24. Rxe2 Qg3+ 25. Rg2 Qxh4 26. Kh2 Bc6 27. Rg4 Qh5 28. Qg2 Qh6 29. Be4 Rd8 30. Bxc6 bxc6 31. Rd4 Rxd4 32. cxd4 Qf4+ 33. Qg3 Qd2+ 34. Qg2 Qxd4 35. Qc2 a5 36. a3 a4 37. Kg2 Qe5 38. Qxa4 Qxb2+ 39. Kg1 Qc1+ 40. Kg2 Qxc5 41. Qa8+ Kh7 42. a4 Qc2+ 43. Kg3 Qc1 44. a5 c5 45. a6 c4 46. a7 Qg1+ 47. Kf4 c3 48. Qc8 Qd4+ 49. Kg3 Qxa7 50. Qxc3 Qg1+ 51. Kf4 Qg5+ 52. Ke4 Qg2 53. h4 Qh2 54. Qe1 Qe5+ 0-1

[Event "Titled Tuesday intern op 30th Jul Late"]
[Site "Chess.com INT"]
[Date "2024.07.30"]
[Round "1"]
[White "Gorodetzky, David"]
[Black "Rees, Ioan"]
[Result "1-0"]
[WhiteElo "2494"]
[BlackElo "2251"]
[PlyCount "57"]
[EventDate "2024.07.30"]
[EventType "swiss (blitz)"]
[EventRounds "11"]
[EventCountry "USA"]
[SourceTitle "EXT 2025"]
[Source "ChessBase"]
[SourceDate "2024.10.14"]
[SourceVersion "1"]
[SourceVersionDate "2024.10.14"]
[SourceQuality "1"]

1. d4 d5 2. c4 c6 3. cxd5 cxd5 4. Bf4 Nc6 5. e3 Nf6 6. Nc3 Bf5 7. Qb3 Na5 8. Qa4+ Bd7 9. Qc2 e6 10. Bd3 Rc8 11. Nge2 Nh5 12. Bxh7 Nxf4 13. Nxf4 Bb4 14. Bd3 Nc4 15. Bxc4 Rxc4 16. Nd3 Bxc3+ 17. bxc3 Qc7 18. Kd2 Rxh2 19. Nf4 Ba4 20. Qb2 Rxh1 21. Rxh1 g5 22. Rh8+ Ke7 23. Ng6+ Kf6 24. Ne5 Kg7 25. Ra8 a6 26. Qa3 Bb5 27. Qf8+ Kf6 28. Qh6+ Ke7 29. Qxg5+ 1-0

[Event "Titled Tuesday intern op 30th Jul Late"]
[Site "Chess.com INT"]
[Date "2024.07.30"]
[Round "3"]
[White "Gorodetzky, David"]
[Black "Zhu, Jiner"]
[Result "1-0"]
[WhiteElo "2494"]
[BlackElo "2469"]
[PlyCount "73"]
[EventDate "2024.07.30"]
[EventType "swiss (blitz)"]
[EventRounds "11"]
[EventCountry "USA"]
[SourceTitle "EXT 2025"]
[Source "ChessBase"]
[SourceDate "2024.10.14"]
[SourceVersion "1"]
[SourceVersionDate "2024.10.14"]
[SourceQuality "1"]

1. c4 Nf6 2. g3 g6 3. Bg2 Bg7 4. Nf3 0-0 5. 0-0 c6 6. b3 d5 7. Bb2 Nbd7 8. d4 b5 9. cxb5 cxb5 10. Ne5 Bb7 11. Nc3 a6 12. Nd3 Rc8 13. e3 Qb6 14. Rc1 Rc7 15. b4 Rc4 16. a3 a5 17. Qb3 axb4 18. axb4 Rfc8 19. Nc5 e6 20. Rfe1 Nb8 21. Bf1 Nc6 22. Ba3 Ba8 23. Bxc4 dxc4 24. Qc2 h5 25. Rcd1 Rd8 26. f3 h4 27. Qf2 hxg3 28. hxg3 Qa7 29. Nxb5 Qb8 30. Nc3 e5 31. d5 Ne7 32. e4 Nh5 33. b5 Qc8 34. b6 f5 35. Rb1 fxe4 36. b7 Bxb7 37. Nxb7 1-0

[Event "Titled Tuesday intern op 30th Jul Late"]
[Site "Chess.com INT"]
[Date "2024.07.30"]
[Round "8"]
[White "Kushko, Dmitriy"]
[Black "Gorodetzky, David"]
[Result "0-1"]
[WhiteElo "2444"]
[BlackElo "2494"]
[PlyCount "118"]
[EventDate "2024.07.30"]
[EventType "swiss (blitz)"]
[EventRounds "11"]
[EventCountry "USA"]
[SourceTitle "EXT 2025"]
[Source "ChessBase"]
[SourceDate "2024.10.14"]
[SourceVersion "1"]
[SourceVersionDate "2024.10.14"]
[SourceQuality "1"]

1. Nf3 Nf6 2. g3 b6 3. Bg2 Bb7 4. c4 g6 5. Nc3 Bg7 6. d4 0-0 7. d5 e6 8. 0-0 d6 9. e4 Nbd7 10. dxe6 fxe6 11. Nd4 Re8 12. Re1 Qe7 13. e5 Bxg2 14. exf6 Qxf6 15. Kxg2 Qxd4 16. Qxd4 Bxd4 17. Nb5 Bxf2 18. Kxf2 Re7 19. Nxc7 Rf8+ 20. Kg2 Ne5 21. Nb5 Ref7 22. Bf4 Nd3 23. Re2 Nxf4+ 24. gxf4 Rxf4 25. Nxd6 Rd4 26. Nb5 Rxc4 27. Rae1 a6 28. Nc3 Rg4+ 29. Kh1 Rh4 30. Ne4 Rff4 31. Kg2 Rh5 32. Ng3 Rb5 33. b3 Ra5 34. Rf1 e5 35. Rxf4 exf4 36. Ne4 g5 37. Kf3 Kg7 38. Rd2 h6 39. a4 Kg6 40. Rd6+ Kf5 41. h3 h5 42. Rf6+ Ke5 43. Rg6 Kd4 44. Nxg5 Kc3 45. Kxf4 Kxb3 46. Rxb6+ Kxa4 47. Ne4 Ka3 48. Ke3 h4 49. Kd4 Ra4+ 50. Kd5 a5 51. Nc5 Rf4 52. Rb3+ Ka2 53. Re3 a4 54. Ne4 a3 55. Kc4 Kb2 56. Re2+ Kc1 57. Kb3 Rf3+ 58. Ka2 Rxh3 59. Nc5 Kd1 0-1

[Event "Poti op 17th"]
[Site "Poti"]
[Date "2024.07.20"]
[Round "5"]
[White "Gorodetzky, David"]
[Black "Pantsulaia, Levan"]
[Result "1/2-1/2"]
[WhiteElo "2494"]
[BlackElo "2518"]
[PlyCount "49"]
[EventDate "2024.07.16"]
[EventType "swiss"]
[EventRounds "9"]
[EventCountry "GEO"]
[SourceTitle "EXT 2025"]
[Source "ChessBase"]
[SourceDate "2024.10.14"]
[SourceVersion "1"]
[SourceVersionDate "2024.10.14"]
[SourceQuality "1"]

1. e4 c5 2. Nf3 e6 3. d4 cxd4 4. Nxd4 a6 5. Bd3 d5 6. exd5 Qxd5 7. 0-0 Nd7 8. Nb3 Qd6 9. a4 Qc7 10. N1d2 Ne5 11. Nf3 Bd6 12. Nxe5 Bxe5 13. g3 Nf6 14. Nd2 b6 15. Nc4 Bb7 16. Nxe5 Qxe5 17. Qe2 Qc7 18. f3 0-0 19. b3 Rfe8 20. Bb2 e5 21. Rae1 h6 22. Qe3 Nd5 23. Qe4 Nf6 24. Qe3 Nd5 25. Qe4 1/2-1/2

[Event "Poti op 17th"]
[Site "Poti"]
[Date "2024.07.18"]
[Round "3"]
[White "Gorodetzky, David"]
[Black "Nigalidze, Gaioz"]
[Result "1-0"]
[WhiteElo "2494"]
[BlackElo "2360"]
[PlyCount "105"]
[EventDate "2024.07.16"]
[EventType "swiss"]
[EventRounds "9"]
[EventCountry "GEO"]
[SourceTitle "EXT 2025"]
[Source "ChessBase"]
[SourceDate "2024.10.14"]
[SourceVersion "1"]
[SourceVersionDate "2024.10.14"]
[SourceQuality "1"]

1. e4 c5 2. c3 d5 3. exd5 Nf6 4. d4 Nxd5 5. dxc5 e6 6. Nf3 Bxc5 7. Bd3 0-0 8. 0-0 Nc6 9. a3 Bd6 10. Qc2 f5 11. Rd1 Qe7 12. c4 Nf6 13. Nc3 a6 14. g3 Bd7 15. Bf1 h6 16. Bg2 Rad8 17. b4 Bc8 18. Bb2 e5 19. Nd5 Nxd5 20. cxd5 Nb8 21. Re1 e4 22. Nh4 Qf7 23. f3 g5 24. Qc3 Kh7 25. Nxf5 Bxf5 26. fxe4 Bg6 27. Kh1 Rc8 28. Qd4 Nd7 29. e5 Nxe5 30. Rxe5 Bxe5 31. Qxe5 Rc2 32. Qd4 Re2 33. d6 Qd7 34. Rc1 Bc2 35. Bc3 Bg6 36. h3 Rc8 37. Rf1 Re6 38. Rf6 Rxf6 39. Qxf6 Re8 40. Kh2 Rc8 41. h4 Rxc3 42. Qxc3 Qxd6 43. hxg5 hxg5 44. Bxb7 Qd1 45. Bf3 Qf1 46. Qe3 Qb5 47. Be2 Qc6 48. Qxg5 Qc3 49. Qe7+ Kg8 50. a4 Qd4 51. Bf3 Qb2+ 52. Bg2 Qh8+ 53. Qh4 1-0

[Event "Titled Tuesday intern op 02nd Jul Late"]
[Site "Chess.com INT"]
[Date "2024.07.02"]
[Round "7"]
[White "Kleiman, Jake"]
[Black "Gorodetzky, David"]
[Result "0-1"]
[WhiteElo "2399"]
[BlackElo "2494"]
[PlyCount "147"]
[EventDate "2024.07.02"]
[EventType "swiss (blitz)"]
[EventRounds "11"]
[EventCountry "USA"]
[SourceTitle "EXT 2025"]
[Source "ChessBase"]
[SourceDate "2024.10.14"]
[SourceVersion "1"]
[SourceVersionDate "2024.10.14"]
[SourceQuality "1"]

1. e4 g6 2. d4 Bg7 3. Nc3 d6 4. Nf3 a6 5. a4 Bg4 6. Be2 Nc6 7. Be3 e5 8. dxe5 Bxf3 9. gxf3 dxe5 10. f4 Nd4 11. fxe5 Bxe5 12. Nd5 Ne6 13. c3 c6 14. Nb6 Rb8 15. Nc4 Bf4 16. Qxd8+ Rxd8 17. Bb6 Rd7 18. 0-0 Nf6 19. f3 Nh5 20. Rfd1 Bc7 21. Be3 Nhf4 22. Bf1 Ng5 23. Kf2 h5 24. h4 Nge6 25. a5 Ke7 26. Rxd7+ Kxd7 27. Rd1+ Ke7 28. b4 f6 29. Nb6 Rd8 30. Rxd8 Nxd8 31. Bc4 Be5 32. Bc5+ Bd6 33. Be3 Be5 34. Bc5+ Ke8 35. Na4 Nfe6 36. Be3 Ke7 37. Bf1 Nf7 38. Bh3 Nd6 39. Ke2 Nf4+ 40. Bxf4 Bxf4 41. Nc5 Bg3 42. Ke3 Bxh4 43. f4 Bg3 44. Kf3 h4 45. Nd3 Kd8 46. e5 fxe5 47. fxe5 Nb5 48. c4 Nc3 49. Nc5 Bxe5 50. Nxb7+ Ke7 51. Nc5 Nb1 52. Nxa6 Nd2+ 53. Kg4 Bf6 54. b5 Nxc4 55. bxc6 Ne5+ 56. Kf4 Nxc6 57. Nc5 Nxa5 58. Ne4 Nc4 59. Bf1 g5+ 60. Kg4 Ne3+ 61. Kf3 Nxf1 62. Kf2 Ng3 63. Nd2 Ke6 64. Kf3 Kf5 65. Nc4 g4+ 66. Kg2 Nh5 67. Ne3+ Kg5 68. Nf1 Nf4+ 69. Kh1 g3 70. Ne3 h3 71. Kg1 Bd4 72. Kh1 g2+ 73. Kh2 Bxe3 74. Kg3 0-1